[Event "Coppa del Mondo FIDE 2025"]
[Site "Goa"]
[Date "09.11.2025"]
[Round "2E"]
[White "Artemiev, Vladislav"]
[Black "Vachier-Lagrave, Maxime"]
[Result "1/2-1/2"]
[WhiteElo "2646"]
[BlackElo "2737"]
[EventDate "2025.11.01"]
[EventType "k.o."]

1. Nf3 d5 2. g3 g6 3. Bg2 Bg7 4. d4 Nf6 5. O-O O-O 6. c3 a5 7. a4 Bf5 8.
Nbd2 Nbd7 9. Nh4 Be6 10. e4 dxe4 11. Nxe4 Bd5 12. Nxf6+ Nxf6 13. Re1 e6 14.
Nf3 Rc8 15. Qe2 c5 16. dxc5 Rxc5 17. Be3 Rc8 18. Red1 Qc7 19. Bf4 Qc4 20.
Qxc4 Rxc4 21. Bg5 Rcc8 22. Be3 Bc6 23. Bb6 Nd5 24. Bd4 Rfd8 25. Bxg7 Kxg7
26. Ne5 Be8 27. Rd4 Nb6 28. Rxd8 Rxd8 29. Bxb7 Nxa4 30. Bc6 Nxb2 31. Bxe8
Rxe8 32. Rxa5 Re7 33. Ra2 Rb7 34. Kf1 Kf6 35. Ng4+ Ke7 36. Ne5 Kf6 37. Ng4+
Ke7 38. Ne5 1/2-1/2

[Event "Coppa del Mondo FIDE 2025"]
[Site "Goa"]
[Date "09.11.2025"]
[Round "2E"]
[White "Shankland, Sam"]
[Black "Vidit, Santosh Gujrathi"]
[Result "1/2-1/2"]
[WhiteElo "2654"]
[BlackElo "2716"]
[EventDate "2025.11.01"]
[EventType "k.o."]

1. d4 Nf6 2. c4 e6 3. Nf3 d5 4. Nc3 Nbd7 5. Bf4 Bb4 6. cxd5 exd5 7. a3
Bxc3+ 8. bxc3 c5 9. e3 Qa5 10. Qb3 O-O 11. dxc5 Qxc5 12. Be2 Ne4 13. O-O
Qxc3 14. Qxd5 Ndf6 15. Qd4 Bg4 16. Rfc1 Qxd4 17. Nxd4 Bxe2 18. Nxe2 Rfc8
19. f3 Nc5 20. e4 Nd3 21. Rxc8+ Rxc8 22. Be3 a6 23. a4 h6 24. Rd1 Nb2 25.
Rb1 Nxa4 26. Rxb7 Nc3 27. Nxc3 Rxc3 28. Bd4 Rc1+ 29. Kf2 Rc2+ 30. Kg3 Nh5+
31. Kg4 Nf6+ 32. Kh3 Nh5 33. Be5 Rc5 34. f4 Nf6 35. Bxf6 gxf6 36. Rb6 Kg7
37. Rxa6 Rc4 38. e5 Rxf4 1/2-1/2

[Event "Coppa del Mondo FIDE 2025"]
[Site "Goa"]
[Date "09.11.2025"]
[Round "2E"]
[White "Idani, Pouya"]
[Black "Esipenko, Andrey"]
[Result "1/2-1/2"]
[WhiteElo "2601"]
[BlackElo "2693"]
[EventDate "2025.11.01"]
[EventType "k.o."]

1. e4 e5 2. Nf3 Nc6 3. Bb5 a6 4. Ba4 Nf6 5. O-O Be7 6. Bxc6 dxc6 7. Re1 Nd7
8. c3 a5 9. d4 exd4 10. cxd4 Nf8 11. Nc3 Ng6 12. d5 O-O 13. dxc6 Qxd1 14.
Rxd1 bxc6 15. Nd4 Ra6 16. b3 c5 17. Ndb5 c6 18. Na3 Bf6 19. Bd2 a4 20. bxa4
Bxc3 21. Bxc3 Rxa4 22. Nb1 Rxe4 23. Nd2 Re6 24. g3 Ne7 25. Rac1 Nd5 26. Ba5
f5 27. Nb3 f4 28. Nxc5 Rg6 29. Nd3 fxg3 30. fxg3 Re6 31. Re1 Ref6 32. Bd2
Rf3 33. Nf4 Nxf4 34. Bxf4 Bh3 35. a4 Ra8 36. Rxc6 Rxa4 37. Rc2 h6 38. Rf2
Rd3 39. Rd2 Rf3 40. Rf2 Rb3 41. Rfe2 Ra7 42. Re8+ Kh7 43. Kf2 g5 44. R8e7+
Rxe7 45. Rxe7+ Kg6 46. Bd2 Rb2 47. Ke3 Rb1 48. Kd4 Bg4 49. Re1 Rb7 50. h4
Bf5 51. Kc5 Rc7+ 52. Kb4 Rd7 53. Be3 Kh5 54. hxg5 hxg5 55. Rc1 Rb7+ 56. Kc5
Rb3 57. Re1 Kg4 58. Kd4 Rb4+ 59. Kc3 Rb7 60. Kd4 Rd7+ 61. Kc5 Rg7 62. Bd4
Rc7+ 63. Kb6 Rc8 64. Re3 Rd8 65. Be5 Rd3 66. Rxd3 1/2-1/2

[Event "Coppa del Mondo FIDE 2025"]
[Site "Goa"]
[Date "09.11.2025"]
[Round "2E"]
[White "Dubov, Daniil"]
[Black "Meier, Georg"]
[Result "1-0"]
[WhiteElo "2684"]
[BlackElo "2596"]
[EventDate "2025.11.01"]
[EventType "k.o."]

1. e4 e5 2. Nc3 Nf6 3. Bc4 Nxe4 4. Qh5 Nd6 5. Bb3 Nc6 6. Nb5 g6 7. Qf3 Nf5
8. Qd5 Nh6 9. d4 d6 10. Bxh6 Be6 11. Qf3 Bxb3 12. Bxf8 Bc4 13. Bg7 Bxb5 14.
dxe5 Rg8 15. Bf6 Nxe5 16. Bxe5 Qe7 17. O-O-O Bc6 18. Qc3 dxe5 19. Nf3 f6
20. Rhe1 Kf8 21. Nxe5 fxe5 22. Rxe5 Qf6 23. Re8+ Kf7 24. Qc4+ 1-0

[Event "Coppa del Mondo FIDE 2025"]
[Site "Goa"]
[Date "09.11.2025"]
[Round "2F"]
[White "Vachier-Lagrave, Maxime"]
[Black "Artemiev, Vladislav"]
[Result "1/2-1/2"]
[WhiteElo "2737"]
[BlackElo "2646"]
[EventDate "2025.11.01"]
[EventType "k.o."]

1. e4 e5 2. Nf3 Nc6 3. Bc4 Nf6 4. d3 h6 5. O-O Bc5 6. c3 d6 7. Nbd2 a6 8.
a4 Ba7 9. Re1 O-O 10. h3 Qe7 11. Bb3 Be6 12. Bc2 Nd7 13. Nf1 f5 14. exf5
Bxf5 15. Ng3 Bg6 16. d4 Bxc2 17. Qxc2 Qf7 18. Be3 Rae8 19. dxe5 Bxe3 20.
Rxe3 Ndxe5 21. Nxe5 Rxe5 22. Rae1 Rfe8 23. Nf5 Rf8 24. Nd4 Nxd4 25. cxd4
Rxe3 26. Rxe3 Qf5 27. Qb3+ Qf7 28. Qc2 Qf5 29. Qe2 Qd5 30. Re4 c5 31. dxc5
Qxc5 32. b4 Qc1+ 33. Kh2 d5 34. Rd4 Qc6 35. a5 Qf6 36. Rd2 Qf4+ 37. Kg1
Qxb4 38. Rxd5 Qf4 39. Qb2 Rc8 40. Rd1 Qc7 41. Qb4 Re8 42. g3 Re5 43. Qb3+
Kh8 44. Rd5 1/2-1/2

[Event "Coppa del Mondo FIDE 2025"]
[Site "Goa"]
[Date "09.11.2025"]
[Round "2F"]
[White "Vidit, Santosh Gujrathi"]
[Black "Shankland, Sam"]
[Result "0-1"]
[WhiteElo "2716"]
[BlackElo "2654"]
[EventDate "2025.11.01"]
[EventType "k.o."]

1. e4 d6 2. d4 Nf6 3. Nc3 e5 4. Nf3 Nbd7 5. Bc4 Be7 6. O-O O-O 7. Re1 c6 8.
a4 Re8 9. h3 h6 10. a5 exd4 11. Nxd4 Bf8 12. Bf4 Nc5 13. e5 dxe5 14. Bxe5
Ncd7 15. Bf4 Rxe1+ 16. Qxe1 Nc5 17. Qe3 Bd7 18. Be5 Qe7 19. Re1 Re8 20. Qf3
Qd8 21. Re3 a6 22. b4 Ne6 23. Bxe6 Bxe6 24. Bxf6 Qxf6 25. Qxf6 gxf6 26. Ne4
Be7 27. c3 Kf8 28. g4 Bc8 29. Nb3 f5 30. gxf5 Bxf5 31. Nec5 Bc8 32. Kg2 Rd8
33. Kg3 Rd6 34. Ne4 Rg6+ 35. Kh2 Be6 36. Nbc5 f5 37. Nxe6+ Rxe6 38. Ng3
Rxe3 39. fxe3 Bf6 40. Ne2 Ke7 41. Kg3 Ke6 42. c4 Be7 43. Nf4+ Kd7 44. Nd3
Ke6 45. Kf3 Bd6 46. e4 fxe4+ 47. Kxe4 Kf6 48. c5 Bc7 49. Nb2 Be5 50. Nc4
Bc3 51. Nd6 Bxb4 52. Nxb7 Ke7 53. Kd4 Kd7 54. Kc4 Be1 55. Kd3 Bg3 56. Ke4
Kc7 57. Nd6 Bxd6 58. cxd6+ Kxd6 59. h4 c5 60. h5 0-1

[Event "Coppa del Mondo FIDE 2025"]
[Site "Goa"]
[Date "09.11.2025"]
[Round "2F"]
[White "Esipenko, Andrey"]
[Black "Idani, Pouya"]
[Result "1-0"]
[WhiteElo "2693"]
[BlackElo "2601"]
[EventDate "2025.11.01"]
[EventType "k.o."]

1. e4 c5 2. Nf3 d6 3. Bb5+ Bd7 4. Bc4 Nf6 5. d3 Nc6 6. a3 e6 7. Nc3 Be7 8.
O-O O-O 9. h3 Rc8 10. Re1 Nd4 11. Ba2 e5 12. Nd2 b5 13. Nf1 b4 14. Nd5 bxa3
15. Nxe7+ Qxe7 16. bxa3 Be6 17. c3 Nc6 18. Bg5 h6 19. Bh4 Bxa2 20. Rxa2 Qe6
21. Rb2 Rb8 22. Rxb8 Rxb8 23. Qa4 Rb6 24. Bxf6 gxf6 25. Nd2 Ne7 26. Nc4 Rb7
27. Ne3 Qd7 28. Qd1 Qe6 29. Qh5 Kh7 30. Rf1 Rb8 31. f4 exf4 32. Rxf4 Rg8
33. Qf3 Rg6 34. h4 Kg7 35. Nf5+ Kh7 36. h5 Rg5 37. Nxh6 Qa2 38. Rxf6 Qa1+
39. Kh2 Qxc3 40. Nxf7 Rg7 41. Rh6+ 1-0

[Event "Coppa del Mondo FIDE 2025"]
[Site "Goa"]
[Date "09.11.2025"]
[Round "2F"]
[White "Meier, Georg"]
[Black "Dubov, Daniil"]
[Result "1/2-1/2"]
[WhiteElo "2596"]
[BlackElo "2684"]
[EventDate "2025.11.01"]
[EventType "k.o."]

1. c4 Nf6 2. Nc3 c5 3. g3 e6 4. Nf3 d5 5. cxd5 exd5 6. d4 Nc6 7. Bg2 cxd4
8. Nxd4 Bc5 9. Nb3 Bb6 10. Na4 O-O 11. Nxb6 axb6 12. Be3 Re8 13. O-O h5 14.
Bg5 Qd6 15. e3 Bg4 16. f3 Bd7 17. e4 Qe6 18. Bxf6 Qxf6 19. Qxd5 Be6 20. Qd2
Red8 21. Qf2 Bc4 22. Rfc1 Ne5 23. Rd1 Rxd1+ 24. Rxd1 Rxa2 25. Nd4 Nd3 26.
Qe3 Nxb2 27. Rc1 Ra3 28. e5 Qd8 29. Qd2 Rd3 1/2-1/2

[Event "Coppa del Mondo FIDE 2025"]
[Site "Goa"]
[Date "09.11.2025"]
[Round "2G"]
[White "Vachier-Lagrave, Maxime"]
[Black "Artemiev, Vladislav"]
[Result "0-1"]
[WhiteElo "2737"]
[BlackElo "2646"]
[EventDate "2025.11.01"]
[EventType "k.o."]

1. e4 e5 2. Nf3 Nc6 3. Bb5 a6 4. Ba4 Nf6 5. O-O Be7 6. Bxc6 dxc6 7. Re1 Nd7
8. d4 exd4 9. Qxd4 O-O 10. Bf4 Nc5 11. Qxd8 Bxd8 12. Nc3 f5 13. Be5 Nxe4
14. Nxe4 fxe4 15. Rxe4 Bf5 16. Rc4 Bf6 17. Re1 Bxe5 18. Nxe5 Rad8 19. Nf3
Bg6 20. h3 Bh5 21. Ng5 h6 22. Ne4 Bg6 23. f3 Rfe8 24. Kf2 Kf7 25. h4 Bxe4
26. Rcxe4 Rd2+ 27. R4e2 Rexe2+ 28. Rxe2 Rd1 29. h5 c5 30. Ke3 Ke6 31. g4 b5
32. c3 Ra1 33. a3 Rb1 34. Kf4+ Kf6 35. Re5 c4 36. Rc5 Rxb2 37. Rc6+ Kf7 38.
Rxc7+ Kf6 39. Rc6+ Kf7 40. Kf5 Rb3 41. Rc7+ Kf8 42. Kg6 Rxc3 43. Rf7+ Ke8
44. Kxg7 Rc1 45. Rf6 c3 46. Rxh6 Kd7 47. Rxa6 c2 48. Ra7+ Kc6 49. Ra6+ Kb7
50. Ra5 Rh1 51. Rxb5+ Kc6 0-1

[Event "Coppa del Mondo FIDE 2025"]
[Site "Goa"]
[Date "09.11.2025"]
[Round "2H"]
[White "Artemiev, Vladislav"]
[Black "Vachier-Lagrave, Maxime"]
[Result "0-1"]
[WhiteElo "2646"]
[BlackElo "2737"]
[PlyCount "131"]
[EventDate "2025.11.01"]

1. d4 Nf6 2. Nf3 e6 3. c4 b6 4. g3 Ba6 5. Nbd2 Bb7 6. Bg2 c5 7. O-O Be7 8. b3
O-O 9. Bb2 Na6 10. e3 Rc8 11. Qe2 d5 12. Rac1 cxd4 13. Nxd4 Nc5 14. Rfd1 Re8
15. Nb5 a6 16. Nc3 Qd7 17. cxd5 exd5 18. Nf3 a5 19. Bf1 h5 20. Nd4 Ba6 21. Qf3
Bxf1 22. Kxf1 g6 23. Nde2 Nce4 24. Nxe4 dxe4 25. Rxd7 Rxc1+ 26. Nxc1 exf3 27.
Bxf6 Bxf6 28. Ke1 Rc8 29. Kd1 b5 30. h4 a4 31. Nd3 Bc3 32. Rd5 axb3 33. axb3 b4
34. Ra5 Kg7 35. e4 Rd8 36. Kc2 Rd4 37. e5 Re4 38. Ra7 Re2+ 39. Kc1 Bxe5 40.
Nxe5 Rxe5 41. Ra2 Re1+ 42. Kb2 Re2+ 43. Kb1 Kf6 44. Ra4 Rxf2 45. Rxb4 Ke5 46.
Rf4 f6 47. b4 g5 48. hxg5 fxg5 49. Rf7 g4 50. b5 Rd2 51. b6 Rd6 52. b7 Rb6+ 53.
Kc2 Kd4 54. Kd2 Ke4 55. Ke1 Rb2 56. Re7+ Kf5 57. Rf7+ Kg6 58. Rc7 h4 59. Rc4
Kf5 60. Rc5+ Ke4 61. Rc4+ Ke3 62. Rc3+ Kd4 63. Rc2 Rxb7 64. Kf2 h3 65. Ra2 h2
66. Ra4+ 0-1

[Event "Coppa del Mondo FIDE 2025"]
[Site "Goa"]
[Date "09.11.2025"]
[Round "2I"]
[White "Artemiev, Vladislav"]
[Black "Vachier-Lagrave, Maxime"]
[Result "1-0"]
[WhiteElo "2646"]
[BlackElo "2737"]
[EventDate "2025.11.01"]
[EventType "k.o."]

1. Nf3 c5 2. c4 Nf6 3. g3 Nc6 4. Bg2 d5 5. cxd5 Nxd5 6. d4 cxd4 7. Nxd4
Ndb4 8. Nxc6 Qxd1+ 9. Kxd1 Nxc6 10. Nc3 Bd7 11. Be3 g6 12. Ke1 Bg7 13. Rc1
Rc8 14. f4 O-O 15. Kf2 Rfd8 16. Rhd1 Be8 17. Rxd8 Rxd8 18. b3 Bxc3 19. Rxc3
f6 20. Bxc6 Bxc6 21. Bxa7 Rd1 22. a4 Kf7 23. a5 Ke8 24. a6 Ra1 25. axb7
Bxb7 26. Bc5 Bd5 27. b4 Rb1 28. Ra3 h5 29. Ra7 e6 30. Re7+ Kd8 31. Rg7 f5
32. Rxg6 Rh1 33. h4 Rh2+ 34. Ke3 Kd7 35. Rh6 Kc6 36. Rxh5 Bc4 37. Kd4 Bxe2
38. Rh6 Kb5 39. Rxe6 Bg4 40. Re3 Rd2+ 41. Ke5 Rd8 42. Kf6 Rb8 43. Re5 Kc4
44. Rxf5 1-0

[Event "Coppa del Mondo FIDE 2025"]
[Site "Goa"]
[Date "09.11.2025"]
[Round "2L"]
[White "Vachier-Lagrave, Maxime"]
[Black "Artemiev, Vladislav"]
[Result "1-0"]
[WhiteElo "2737"]
[BlackElo "2646"]
[EventDate "2025.11.01"]
[EventType "k.o."]

1. e4 e5 2. Nf3 Nc6 3. Bc4 Nf6 4. d3 h6 5. c3 Be7 6. O-O O-O 7. a4 a5 8.
Re1 d6 9. Nbd2 Nh7 10. Nf1 Ng5 11. Ne3 Nxf3+ 12. Qxf3 Bg5 13. g3 Kh8 14. h4
Bxe3 15. Bxe3 f5 16. exf5 Bxf5 17. Qg2 Qd7 18. d4 Bg4 19. Bd5 exd4 20. Bxd4
Nxd4 21. cxd4 c6 22. Be4 d5 23. Bc2 Bf3 24. Qf1 Qg4 25. Qd3 Be4 26. Qe2
Qxe2 27. Rxe2 Bxc2 28. Rxc2 Rae8 29. Kg2 Re4 30. Rd2 Kh7 31. Rc1 Rf6 32.
Rc5 b6 33. Rc3 Re1 34. Rb3 Ra1 35. Rxb6 Rxa4 36. Ra6 Re6 37. f3 Ra2 38. h5
a4 39. g4 Re3 40. Rxc6 a3 41. Rb6 Re1 42. Rb3 axb2 43. Rdxb2 Raa1 44. Rb7
Rg1+ 45. Kf2 Raf1+ 46. Ke3 Re1+ 47. Kf4 Rd1 48. Ke5 Rd3 49. R2b3 Rgd1 50.
Rxd3 Rxd3 51. Rf7 Kg8 52. Rf5 1-0

[Event "Coppa del Mondo FIDE 2025"]
[Site "Goa"]
[Date "09.11.2025"]
[Round "2M"]
[White "Vachier-Lagrave, Maxime"]
[Black "Artemiev, Vladislav"]
[Result "1-0"]
[WhiteElo "2737"]
[BlackElo "2646"]
[EventDate "2025.11.01"]
[EventType "k.o."]

1. e4 e5 2. Nf3 Nc6 3. Bb5 a6 4. Ba4 Nf6 5. O-O Be7 6. Bxc6 dxc6 7. Nc3 Nd7
8. d4 exd4 9. Qxd4 O-O 10. Bf4 Nc5 11. Qe3 Ne6 12. Rad1 Qe8 13. Bg3 Bc5 14.
Qd2 f6 15. Ne2 a5 16. a3 Qe7 17. Qc3 Bb6 18. Qc4 Qc5 19. Qa2 Qe7 20. Ned4
Qf7 21. Nf5 Ng5 22. Ne7+ Kh8 23. Qxf7 Nxf7 24. Nxc8 Raxc8 25. Nd2 Rfe8 26.
Rfe1 Rcd8 27. Kf1 Kg8 28. f3 Rd7 29. Nc4 Rde7 30. a4 Bc5 31. c3 Ra8 32. Rd3
Ng5 33. Red1 Kf7 34. Nd2 b5 35. axb5 cxb5 36. Rd5 Ne6 37. Nb3 Be3 38. Rxb5
a4 39. Na1 Bf4 40. Nc2 Bxg3 41. hxg3 c6 42. Rb6 c5 43. Na3 h5 44. Kf2 g5
45. Nc4 Kg6 46. Rdd6 Rae8 47. Ne3 Kf7 48. Nf5 Ra7 49. Nh6+ Kg6 50. Nf5 Kf7
51. Rdc6 Nf8 52. Nd6+ 1-0

[Event "Coppa del Mondo FIDE 2025"]
[Site "Goa"]
[Date "11.11.2025"]
[Round "3A"]
[White "Svane, Frederik"]
[Black "Sargsyan, Shant"]
[Result "1/2-1/2"]
[WhiteElo "2638"]
[BlackElo "2667"]
[EventDate "2025.11.01"]
[EventType "k.o."]

1. e4 e5 2. Nf3 Nc6 3. Bc4 Nf6 4. d3 Be7 5. O-O O-O 6. Nbd2 d6 7. a4 Be6 8.
Re1 Qd7 9. h3 h6 10. Bb5 a6 11. Bxc6 bxc6 12. d4 exd4 13. Nxd4 Rfe8 14. b3
c5 15. Nxe6 Qxe6 16. Bb2 Nd7 17. Nc4 Bf6 18. Bxf6 Qxf6 19. Qd5 Ne5 20. Rad1
Nxc4 21. Qxc4 Re5 22. Re3 h5 23. Rd5 c6 24. Rd1 Re6 25. b4 Qh4 26. bxc5 d5
27. Qe2 Rxe4 28. Rxe4 dxe4 29. Rd4 Qg5 30. Rxe4 Qxc5 31. Re8+ Rxe8 32.
Qxe8+ Kh7 33. Qxf7 Qxc2 34. Qxh5+ Kg8 35. Qe8+ Kh7 36. Qh5+ Kg8 37. g4 Qxa4
38. Qe8+ Kh7 39. Qh5+ Kg8 40. Qe8+ Kh7 41. Qh5+ 1/2-1/2

[Event "Coppa del Mondo FIDE 2025"]
[Site "Goa"]
[Date "11.11.2025"]
[Round "3A"]
[White "Leko, Peter"]
[Black "Erigaisi, Arjun"]
[Result "1/2-1/2"]
[WhiteElo "2666"]
[BlackElo "2773"]
[EventDate "2025.11.01"]
[EventType "k.o."]

1. e4 c5 2. Nf3 e6 3. d4 cxd4 4. Nxd4 Nc6 5. Nc3 Bc5 6. Ndb5 Nf6 7. Bf4 O-O
8. Bc7 Qe7 9. Bd6 Bxd6 10. Qxd6 Qd8 11. O-O-O a6 12. Nd4 Ne7 13. a4 b5 14.
axb5 axb5 15. Bxb5 Ne8 16. Qb4 Ra1+ 17. Kd2 Ra8 18. Kc1 Ra1+ 19. Kd2 Ra8
20. Kc1 1/2-1/2

[Event "Coppa del Mondo FIDE 2025"]
[Site "Goa"]
[Date "11.11.2025"]
[Round "3A"]
[White "Praggnanandhaa, R"]
[Black "Dubov, Daniil"]
[Result "1/2-1/2"]
[WhiteElo "2771"]
[BlackElo "2684"]
[EventDate "2025.11.01"]
[EventType "k.o."]

1. e4 e5 2. Nf3 Nc6 3. Bb5 a6 4. Ba4 Nf6 5. O-O Be7 6. Re1 b5 7. Bb3 O-O 8.
c3 d5 9. exd5 Nxd5 10. h3 Bb7 11. a4 Nb6 12. a5 Nd7 13. d3 Kh8 14. d4 e4
15. Nh2 f5 16. Nd2 Bd6 17. f3 Nf6 18. Bc2 Bg3 19. Re2 e3 20. Ndf1 Bxh2+ 21.
Nxh2 f4 22. Qd3 Ne7 23. b3 Ng6 24. Ba3 Rf7 25. c4 bxc4 26. bxc4 Bc8 27. Ng4
Nh5 28. Ne5 Rf6 29. Rd1 Ng3 30. Ree1 Bf5 31. Qc3 Bxc2 32. Qxc2 Qe8 33. Bb2
Rd8 34. Bc3 h5 35. Nxg6+ Rxg6 36. d5 Qf7 37. Rd4 Rg5 38. Rb1 Re8 39. Qd3
Qf5 40. Qxf5 Rxf5 41. Rb2 1/2-1/2

[Event "Coppa del Mondo FIDE 2025"]
[Site "Goa"]
[Date "11.11.2025"]
[Round "3A"]
[White "Bluebaum, Matthias"]
[Black "Donchenko, Alexander"]
[Result "1/2-1/2"]
[WhiteElo "2687"]
[BlackElo "2641"]
[EventDate "2025.11.01"]
[EventType "k.o."]

1. d4 Nf6 2. c4 g6 3. Nc3 d5 4. cxd5 Nxd5 5. e4 Nxc3 6. bxc3 Bg7 7. Bc4 c5
8. Ne2 O-O 9. O-O Nc6 10. Be3 b6 11. Rc1 Bb7 12. Qd2 e6 13. Rfd1 Rc8 14.
Bb5 cxd4 15. cxd4 Na5 16. Rxc8 Qxc8 17. Bg5 Ba6 18. Rc1 Qb7 19. Bxa6 Qxa6
20. d5 Nc4 21. Qd3 b5 22. Be7 Rb8 23. Nd4 Rc8 24. Nb3 exd5 25. exd5 Bf8 26.
Bxf8 Kxf8 27. h4 Qf6 28. h5 Rd8 29. Re1 Re8 30. Rxe8+ Kxe8 31. hxg6 hxg6
32. Nd4 a6 1/2-1/2

[Event "Coppa del Mondo FIDE 2025"]
[Site "Goa"]
[Date "11.11.2025"]
[Round "3A"]
[White "Pranav, V"]
[Black "Yakubboev, Nodirbek"]
[Result "1/2-1/2"]
[WhiteElo "2641"]
[BlackElo "2689"]
[EventDate "2025.11.01"]
[EventType "k.o."]

1. e4 c5 2. Nf3 d6 3. d4 cxd4 4. Nxd4 Nf6 5. Nc3 a6 6. g3 e5 7. Nde2 Be7 8.
Bg2 O-O 9. O-O b5 10. Nd5 Nbd7 11. Ne3 Nb6 12. Qd3 Qc7 13. h3 Rd8 14. b3
Be6 15. Nc3 d5 16. Ncxd5 Nbxd5 17. exd5 e4 18. Qe2 Nxd5 19. Nxd5 Bxd5 20.
Bxe4 Bxe4 21. Qxe4 Bf6 22. Bf4 Qd7 23. Rac1 Qxh3 24. c4 bxc4 25. bxc4 Re8
26. Qf3 Qf5 27. Kg2 Rac8 28. Rfd1 Bb2 29. Rb1 Be5 30. Qd5 g5 31. Be3 h5 32.
c5 h4 33. gxh4 gxh4 34. Qf3 Qxf3+ 35. Kxf3 h3 36. Rb6 f6 37. Kg4 h2 38. Rb3
Rc7 39. f4 Rg7+ 40. Kf3 Bc7 41. Rh1 Rh7 42. Bf2 Rd8 43. Rb2 f5 44. Bg3 Rd3+
45. Kf2 Rc3 46. Rxh2 Rg7 47. Rg2 Rxc5 48. Bh2 Rxg2+ 49. Kxg2 Kf7 50. Re2
Rc4 51. Kf3 Rc3+ 52. Kg2 Rc4 53. Kf3 a5 54. Bg3 a4 55. Re3 Bb6 56. Re5 Rc3+
57. Kg2 Rc5 58. Re2 Bc7 59. Kf3 Rc3+ 60. Re3 Rc2 61. Ra3 Rc4 62. Re3 Bd6
63. Re2 Rc3+ 64. Kg2 Rd3 65. Bh2 Bb4 66. Bg3 Bd2 67. Re5 Kf6 68. Re2 Be3
69. Kf3 Bd4+ 70. Kg2 Bc3 71. Bf2 Bd2 72. Bg3 Be3 73. Kf3 Bc5+ 74. Kg2 Bd6
75. Bh2 Kg6 76. Bg3 Kh5 77. Re6 Bc7 78. Rf6 Bd8 79. Rf8 Kg6 80. Be1 Bc7 81.
Rg8+ Kf6 82. Ra8 Bxf4 1/2-1/2

[Event "Coppa del Mondo FIDE 2025"]
[Site "Goa"]
[Date "11.11.2025"]
[Round "3A"]
[White "Esipenko, Andrey"]
[Black "Keymer, Vincent"]
[Result "1/2-1/2"]
[WhiteElo "2693"]
[BlackElo "2755"]
[EventDate "2025.11.01"]
[EventType "k.o."]

1. e4 e5 2. Nf3 Nc6 3. Bc4 Nf6 4. d3 Bc5 5. a4 d6 6. O-O h6 7. Be3 Bb6 8.
Qe1 Be6 9. Bxe6 fxe6 10. a5 Bxe3 11. fxe3 O-O 12. Qc3 Qd7 13. Nbd2 b5 14.
a6 Ne7 15. d4 exd4 16. exd4 Ng6 17. h3 Rab8 18. Qe3 Rb6 19. c4 bxc4 20.
Nxc4 Rb4 21. b3 Rbb8 22. Nfd2 Ne7 23. Rf2 Qb5 24. Rf3 Nc6 25. Rg3 Qh5 26.
Rf1 Nb4 27. Rf4 Qd1+ 28. Rf1 Qh5 29. Rf4 Qd1+ 30. Rf1 Qh5 31. Rf4 1/2-1/2

[Event "Coppa del Mondo FIDE 2025"]
[Site "Goa"]
[Date "11.11.2025"]
[Round "3A"]
[White "Wei, Yi"]
[Black "Maghsoodloo, Parham"]
[Result "1/2-1/2"]
[WhiteElo "2754"]
[BlackElo "2697"]
[EventDate "2025.11.01"]
[EventType "k.o."]

1. e4 c6 2. d4 d5 3. exd5 cxd5 4. Bd3 Nf6 5. h3 Nc6 6. c3 e5 7. dxe5 Nxe5
8. Qe2 Qe7 9. Be3 Nxd3+ 10. Qxd3 Qe4 11. Qb5+ Nd7 12. Nf3 a6 13. Qe2 Ne5
14. Nbd2 Nxf3+ 15. Qxf3 Qxf3 16. Nxf3 Be7 17. O-O-O Be6 18. Rhe1 O-O 19.
Nd4 Rfe8 20. Bf4 Bc5 21. Be3 Bxd4 22. Bxd4 Bd7 23. Kd2 f6 24. Rxe8+ Rxe8
25. Re1 Rxe1 26. Kxe1 Kf7 27. Kd2 Ke6 28. Bc5 Bb5 29. h4 Bc4 30. a4 Bf1
1/2-1/2

[Event "Coppa del Mondo FIDE 2025"]
[Site "Goa"]
[Date "11.11.2025"]
[Round "3A"]
[White "Sarana, Alexey"]
[Black "Martinez Alcantara, Jose Eduardo"]
[Result "0-1"]
[WhiteElo "2661"]
[BlackElo "2644"]
[EventDate "2025.11.01"]
[EventType "k.o."]

1. d4 d5 2. c4 e6 3. Nc3 c6 4. e4 dxe4 5. Nxe4 Bb4+ 6. Bd2 Qxd4 7. Bxb4
Qxe4+ 8. Be2 Na6 9. Ba5 f6 10. Nf3 b6 11. Nd2 Qf4 12. Bh5+ g6 13. Bf3 Qe5+
14. Kf1 Qc7 15. Bc3 e5 16. Ne4 Bf5 17. Nd6+ Kf8 18. Nxf5 gxf5 19. Qa4 Nc5
20. Qxc6 Qxc6 21. Bxc6 Rd8 22. Bf3 Ne7 23. b3 Kg7 24. Re1 Ng6 25. g3 Rd3
26. Re3 Rhd8 27. Be2 R3d7 28. Rg1 Ne4 29. Be1 Nd2+ 30. Kg2 f4 31. Rc3 e4
32. Bg4 Rd3 33. Rc2 Ne5 34. Bf5 Ndf3 35. Bxe4 Nxg1 36. Bxd3 Ngf3 37. Bc3
Rxd3 38. b4 Nd4 39. Bxd4 f3+ 0-1

[Event "Coppa del Mondo FIDE 2025"]
[Site "Goa"]
[Date "11.11.2025"]
[Round "3A"]
[White "Grandelius, Nils"]
[Black "Harikrishna, Pentala"]
[Result "1/2-1/2"]
[WhiteElo "2645"]
[BlackElo "2697"]
[EventDate "2025.11.01"]
[EventType "k.o."]

1. e4 e5 2. Nf3 Nc6 3. Bb5 a6 4. Ba4 Nf6 5. O-O Be7 6. Re1 b5 7. Bb3 O-O 8.
a4 b4 9. d4 d6 10. Bg5 Bg4 11. dxe5 Nxe5 12. Nbd2 Nfd7 13. Bxe7 Qxe7 14. h3
Nxf3+ 15. Nxf3 Be6 16. e5 Bxb3 17. exd6 Qf6 18. cxb3 cxd6 19. Qd4 Qxd4 20.
Nxd4 Nc5 21. Rad1 a5 22. Nc6 Nxb3 23. Rxd6 Rfe8 24. Rxe8+ Rxe8 25. Rd5 Re1+
26. Kh2 g6 27. Nxa5 Nxa5 28. Rxa5 Rb1 29. Rb5 Rxb2 30. f3 b3 31. a5 Ra2 32.
Rxb3 Rxa5 1/2-1/2

[Event "Coppa del Mondo FIDE 2025"]
[Site "Goa"]
[Date "11.11.2025"]
[Round "3A"]
[White "Sevian, Samuel"]
[Black "Lodici, Lorenzo"]
[Result "1/2-1/2"]
[WhiteElo "2698"]
[BlackElo "2560"]
[EventDate "2025.11.01"]
[EventType "k.o."]

1. Nf3 d5 2. c4 e6 3. g3 Nf6 4. Bg2 Bd6 5. Nc3 dxc4 6. Qa4+ Nbd7 7. Qxc4 a6
8. Qh4 Nf8 9. Ne4 Be7 10. Nxf6+ Bxf6 11. Qe4 Qd5 12. Qc2 e5 13. O-O Ne6 14.
d3 Qd8 15. Rb1 a5 16. b3 O-O 17. e3 Ng5 18. Nxg5 Bxg5 19. Bb2 Bf6 20. Rfd1
c6 21. d4 exd4 22. Bxd4 Bxd4 23. Rxd4 Qe7 24. Rbd1 Be6 25. Qd2 h5 26. Bf3
g6 27. h4 a4 28. Qb2 axb3 29. axb3 Rfd8 30. Kg2 Rxd4 1/2-1/2

[Event "Coppa del Mondo FIDE 2025"]
[Site "Goa"]
[Date "11.11.2025"]
[Round "3A"]
[White "Vachier-Lagrave, Maxime"]
[Black "Grebnev, Aleksey"]
[Result "1/2-1/2"]
[WhiteElo "2737"]
[BlackElo "2611"]
[EventDate "2025.11.01"]
[EventType "k.o."]

1. e4 e5 2. Nf3 Nf6 3. Nxe5 d6 4. Nf3 Nxe4 5. d4 d5 6. Bd3 Bf5 7. O-O Be7
8. Re1 O-O 9. c4 Nc6 10. cxd5 Qxd5 11. Nc3 Nxc3 12. bxc3 Bxd3 13. Qxd3 Rae8
14. Bf4 Bd6 15. c4 Qh5 16. Be3 b6 17. Rab1 Rd8 18. c5 bxc5 19. Qb5 Qd5 20.
dxc5 Rb8 21. Qa4 Rxb1 22. Rxb1 Be7 23. Rd1 Qe6 24. Re1 Qd5 25. Rd1 Qe6 26.
Re1 Qd5 27. Rd1 1/2-1/2